No es menos servicio el diferir que el ejecutar: el programa fiscal de Felipe IV para el Perú y la gestión del virrey Chinchón (1629-1641)

Una de las claves para entender las dinámicas de poder del sistema colonial americano radica en la gestión que las autoridades establecidas en las Indias hicieron de las órdenes reales remitidas desde la corte. Este artículo analiza el virreinato del conde de Chinchón, buscando demostrar que la admi...

Descripción completa

Detalles Bibliográficos
Autor principal: Amadori, Arrigo 1953
Formato: Analitica de revista
Lenguaje:español
Publicado: Santiago, Chile: Pontificia Universidad Católica de Chile. Instituto de Historia, 2013.
Materias:

MARC

LEADER 00000nab a2200000 a 4500
001 034143
003 UAHC_CL
005 20180604193034.0
008 031122s2013 cl f 000 spa
952 |0 0  |1 0  |4 0  |6 HISTORIA_SANTIAGO461_13_000000000000000  |7 0  |8 COMP  |9 89638  |a BC  |b BC  |c Hemeroteca  |d 2018-04-02  |l 0  |o HISTORIA (SANTIAGO)-46(1)/13  |r 2018-04-02 00:00:00  |w 2018-04-02  |y REVA 
999 |c 50488  |d 50488 
040 |a UAHC_CL  |c UAHC_CL  |d UAHC_CL 
100 |a Amadori, Arrigo  |9 2687  |d 1953 
245 1 0 |a No es menos servicio el diferir que el ejecutar:   |b el programa fiscal de Felipe IV para el Perú y la gestión del virrey Chinchón (1629-1641)  |c Arrigo, Amadori. 
260 |b Pontificia Universidad Católica de Chile. Instituto de Historia,  |c 2013.  |a Santiago, Chile: 
300 |a p. 7-37 
500 |a En: Historia, no. 46, vol. 1, 2013. pp. 7-37. ISSN. 00732435. 
520 |a Una de las claves para entender las dinámicas de poder del sistema colonial americano radica en la gestión que las autoridades establecidas en las Indias hicieron de las órdenes reales remitidas desde la corte. Este artículo analiza el virreinato del conde de Chinchón, buscando demostrar que la administración que realizó de la intensa política contributiva elaborada en Madrid para el Perú condicionó las alternativas de todo el proceso fiscal. De hecho, no solo afectó el ritmo de imposición de las reales cédulas, sino también la selección de los mecanismos fiscales que efectivamente se asentaron, las dinámicas institucionales y los términos de su aceptación por parte de la élite virreinal. De esta manera, el representante del rey se erigió en el principal agente de una negociación y forzó al poder central a tolerar un retraso de casi una década en el establecimiento de las medidas contributivas, transigiendo ante los intereses de la élite local. 
651 0 |9 2688  |a Perú (Virreinato)   |x Historia 
900 |a HISTORIA (SANTIAGO)-46(1)/13 
942 |c REVA